| 000 | 00696nam a22002172 4500 | ||
|---|---|---|---|
| 001 | 0000003156 | ||
| 005 | 20151217151916.0 | ||
| 008 | 070430s xx 000 0 eng d | ||
| 020 | _cKES 250 | ||
| 040 |
_aKABU _cKABU |
||
| 050 | 0 |
_aHN58 _b.M33 |
|
| 100 | 1 |
_aMack, Raymond W. _@0000152841 |
|
| 245 | 1 | 0 |
_aTransforming America : _bpatterns of social change / _cby Raymond W. Mack. |
| 260 |
_aNew York : _bRandom House, _cc1967. |
||
| 300 |
_axix, 199 p. ; _c21 cm. |
||
| 651 | 0 |
_aUnited States _xSocial conditions _y1945-. _@0000152842 |
|
| 651 | 0 |
_aUnited States _xEconomic conditions _y1945-. _@0000152843 |
|
| 908 | _a070430 | ||
| 950 | _@1 | ||
| 999 |
_c6256 _d6256 |
||